| 000 | 01894nam0a2200409 4500 | ||
|---|---|---|---|
| 001 | RU\NLR\BIBL_A\022700244 | ||
| 005 | 20260420062141.0 | ||
| 010 | _a978-5-91103-856-4 | ||
| 010 | _a978-5-4330-0222-7 | ||
| 021 |
_aRU _bКН-П-25-071431 _9КН-П-25-6920 |
||
| 035 | _a(NLR Aleph) 022700244 | ||
| 090 |
_a13687570 _c13687570 |
||
| 100 | _a20260114d2025 u y0rusy50 ca | ||
| 101 | 0 | _arus | |
| 102 | _aRU | ||
| 105 | _aa z 000zy | ||
| 181 | 0 |
_ab3 _bbb2e |
|
| 181 | 0 |
_ai2 _baxxe |
|
| 182 | 0 | _an | |
| 200 | 1 |
_aМосковские истории _e[по мотивам рассказов Владимира Гиляровского] _fЕкатерина Васильева, Маша Пряничникова |
|
| 203 |
_aИзображение _aТекст _bвизуальные _cнепосредственные |
||
| 210 |
_aМосква _cА+А _d2025 |
||
| 215 |
_a55 с. _cцв. ил. _d27 |
||
| 300 | _aНа обл. авт. не указаны, только: худож. Маша Пряничникова | ||
| 300 | _aВ вып. дан.: Васильева Екатерина, Пряничникова Маша (ил.) | ||
| 333 | _a6+ | ||
| 606 | 1 |
_aБыт и нравы _jИздания для детей _yМосква, город _zкон. 19 - нач. 20 вв. _92202441 _3RU\NLR\AUTH\6601558143 |
|
| 686 | 0 |
_aШ9 _bТ3(2) |
|
| 700 | 1 |
_7ca _8rus _aВасильева _bЕ. А. _cисторик, писатель _f1976- _gЕкатерина Алексеевна _9217740 _3RU\NLR\AUTH\770217796 |
|
| 701 | 1 |
_7ca _8rus _aПряничникова _bМ. _gМаша _9235695 _3RU\NLR\AUTH\770235751 |
|
| 702 | 1 |
_4570 _7ca _8rus _aГиляровский _bВ.А. _f1853-1935 _gВладимир Алексеевич _9111417 _3RU\NLR\AUTH\771391 |
|
| 942 | _cBOOK | ||
| 980 | _aNB | ||